Treasure Island (Record no. 12082)

MARC details
000 -LEADER
fixed length control field 00251nam a22000977a 4500
008 - FIXED-LENGTH DATA ELEMENTS--GENERAL INFORMATION
fixed length control field 221019b |||||||| |||| 00| 0 eng d
020 ## - INTERNATIONAL STANDARD BOOK NUMBER
International Standard Book Number 9788172344764
100 ## - MAIN ENTRY--PERSONAL NAME
Personal name Stevenson Louis
9 (RLIN) 6776
245 ## - TITLE STATEMENT
Title Treasure Island
260 ## - PUBLICATION, DISTRIBUTION, ETC. (IMPRINT)
Place of publication, distribution, etc. India
Name of publisher, distributor, etc. Prakash Books
Date of publication, distribution, etc. 2022
Holdings
Withdrawn status Lost status Source of classification or shelving scheme Damaged status Koha normalized classification for sorting Not for loan Collection code Home library Current library Shelving location Date acquired Total Checkouts Full call number Barcode Date last seen Date last checked out Price effective from Koha item type
    Dewey Decimal Classification   STE_823_800000000000000   Fiction Good Samaritan School Library Good Samaritan School Library FICTION 10/19/2022 19 STE823.8 STE17340 02/10/2026 02/04/2026 10/19/2022 BOOK

Powered by Koha